Baltische Sprachen und Kulturen in der Diaspora
| Titel: | Baltische Sprachen und Kulturen in der Diaspora / Stephan Kessler (Hrsg.) |
|---|---|
| Beteiligt: | |
| Körperschaft: | |
| Veröffentlicht: | Hamburg : Baar, 2024 |
| Umfang: | 249 Seiten : Illustrationen ; 23 cm, 440 g |
| Format: | Buch |
| Sprache: | Deutsch |
| Schriftenreihe/ mehrbändiges Werk: |
Schriftenreihe der Gesellschaft für Baltische Studien ; Band 6 |
| ISBN: | 9783935536851 ; 3935536852 |
| Hinweise zum Inhalt: |
Inhaltsverzeichnis
|
alg: 53437609 001A $06000:16-10-25 001B $06000:16-10-25 $t17:28:53.000 001D $06000:16-10-25 001U $0utf8 001X $00 002@ $0Aax 002C $aText $btxt $2rdacontent 002D $aohne Hilfsmittel zu benutzen $bn $2rdamedia 002E $aBand $bnc $2rdacarrier 003@ $0534376096 004A $A978-3-935536-85-1 $fBroschur : EUR 72.00 (DE), EUR 74.10 (AT) 004A $03-935536-85-2 004K $09783935536851 006C $01463411448 $aOCoLC 006G $01345419333 006T $024,N43 006U $025,A42 $f20241019 007A $01345419333 $aDNB 009P $qapplication/pdf $A2 $3Inhaltsverzeichnis $uhttps://d-nb.info/1345419333/04 $mB:DE-101 010@ $ager 010E $erda 011@ $a2024 $n2024 013D $RWissenschaftliche Literatur $RAufsatzsammlung $#Konferenzbericht $71071861417 $8Konferenzschrift [Tsz] $9359646190 $y2021 $zGreifswald 021A $aBaltische Sprachen und Kulturen in der Diaspora $hStephan Kessler (Hrsg.) 028C $BHerausgeber $#Kessler, Stephan Helmut Immanuel $#Kessler, Stephan H. I. $4edt $7173256678 $8Kessler, Stephan$Z1966- [Tp1] $9277252822 029A $BVerfasser $#4. Jahrestagung der GfBSt $#Gesellschaft für Baltische Studien, Jahrestagung, Greifswald; Online 2021 4. $#Baltische Sprachen und Kulturen in der Diaspora, Greifswald; Online 2021 Veranstaltung $4aut $71346324034 $8Baltistentagung$d2021$cGreifswald; Online [Tf1] $952250342X 033A $pHamburg $01064063845 $nBaar 034D $a249 Seiten 034I $a23 cm, 440 g 034M $aIllustrationen 036E $aSchriftenreihe der Gesellschaft für Baltische Studien $lBand 6 037A $a"Dieser Tagungsband ist ein Ergebnis der Konferenz "Baltische Sprachen und Kulturen in der Diaspora", die am 9. und 10. September 2021 an der Universität Greifswald stattfand." - Danksagungen 044K $qDNB $RLettin $#Latvians $#Lettons $#Lette $#Letten $74111273-8 $8Letten [Ts1] $9085328669 044K $qDNB $RLitauerin $#Lithuanians $#Lituaniens $#Litauer $#Litauer $#Litauer $74035937-2 $8Litauer [Ts1] $9085097071 044K $qDNB $RMinderheit $#Immigrants $#Diasporas $#Diaspora $71188375210 $8Diaspora$gSozialwissenschaften [Ts1] $9449710068 044K $qDNB $RBaltische Sprachen $#Lithuanian language $#Lituanien (langue) $#Lingua lituana $#Lengua lituana $#Litauisch $74133373-1 $8Litauisch [Ts1] $9085483826 044K $qDNB $RBaltische Sprachen $#Latvian language $#Letton (langue) $#Lingua lettone $#Lengua letona $#Lettisch $74114406-5 $8Lettisch [Ts1] $9085342246 044K $qDNB $RSprachlenkung $RSprachpurismus $RSprachakademie $#Language maintenance $#Préservation des langues $#Preservación de lenguas $#Sprachkultur $#Sprache Pflege $74056484-8 $8Sprachpflege [Ts1] $9085157155 044K $qDNB $RSprachkontakt $REinsprachigkeit $#Multilingualism $#Multilinguisme $#Multilinguismo $#Multilingüismo $#Mehrsprachigkeit $#Mehrsprachigkeit $#Mehrsprachigkeit $#Multilingualismus $#Multilinguismus $#Polyglossie $#Gemischtsprachigkeit Mehrsprachigkeit $74038403-2 $8Mehrsprachigkeit [Ts1] $908510499X 045E $c490 045F $a491.9 $eDDC23ger 045F/01 $a491.9 045R $aGeschichte lok: 53437609 78 exp: 53437609 78 1 #EPN 201B/01 $020-11-25 $t17:34:41.000 201C/01 $020-11-25 201U/01 $0utf8 203@/01 $01324453958 208@/01 $a20-11-25 $be 209A/01 $a/ $f000 $x00 209A/01 $ab*p $x01 220C/01 $apgar 244Z/01 $#Baltische Staaten $#Baltikum $#Baltische Staaten $#Baltische Staaten $#Baltische Provinzen $#Russische Ostseeprovinzen $#Baltische Republiken $#Russland, Ostseeprovinzen $74004379-4 $8--Tg1--Baltikum $x14 $9085003506 247C/01 $82080>Marburg/Lahn, Herder-Institut, Forschungsbibliothek, Bibliographieportal $9336309341
| LEADER | 00000cam a22000002c 4500 | ||
|---|---|---|---|
| 001 | 534376096 | ||
| 003 | DE-603 | ||
| 005 | 20251016172853.0 | ||
| 007 | tu | ||
| 008 | 251016s2024 xx |||| | u10||u|ger | ||
| 015 | |a 25,A42 |z 24,N43 |2 dnb | ||
| 016 | 7 | |2 DE-101 |a 1345419333 | |
| 020 | |a 9783935536851 |c Broschur : EUR 72.00 (DE), EUR 74.10 (AT) | ||
| 020 | |a 3935536852 | ||
| 024 | 3 | |a 9783935536851 | |
| 035 | |a (DE-599)DNB1345419333 | ||
| 040 | |a DE-603 |b ger |c DE-603 |d DE-603 |e rda | ||
| 041 | |a ger | ||
| 082 | 0 | 4 | |8 1\u |a 491.9 |q DE-101 |2 23/ger |
| 084 | |a 490 |q DE-101 |2 sdnb | ||
| 085 | |8 1\u |b 491.9 | ||
| 111 | 2 | |a Baltistentagung |d 2021 |c Greifswald; Online |j Verfasser |4 aut |0 (DE-603)52250342X |0 (DE-588)1346324034 |2 gnd | |
| 245 | 0 | 0 | |a Baltische Sprachen und Kulturen in der Diaspora |c Stephan Kessler (Hrsg.) |
| 264 | 1 | |a Hamburg |b Baar |c 2024 | |
| 300 | |a 249 Seiten |b Illustrationen |c 23 cm, 440 g | ||
| 336 | |a Text |b txt |2 rdacontent | ||
| 337 | |a ohne Hilfsmittel zu benutzen |b n |2 rdamedia | ||
| 338 | |a Band |b nc |2 rdacarrier | ||
| 490 | 0 | |a Schriftenreihe der Gesellschaft für Baltische Studien |v Band 6 | |
| 500 | |a "Dieser Tagungsband ist ein Ergebnis der Konferenz "Baltische Sprachen und Kulturen in der Diaspora", die am 9. und 10. September 2021 an der Universität Greifswald stattfand." - Danksagungen | ||
| 648 | 7 | |a Geschichte |2 gnd | |
| 650 | 7 | |a Letten |0 (DE-588)4111273-8 |0 (DE-603)085328669 |2 gnd | |
| 650 | 7 | |a Litauer |0 (DE-588)4035937-2 |0 (DE-603)085097071 |2 gnd | |
| 650 | 7 | |a Diaspora |g Sozialwissenschaften |0 (DE-588)1188375210 |0 (DE-603)449710068 |2 gnd | |
| 650 | 7 | |a Litauisch |0 (DE-588)4133373-1 |0 (DE-603)085483826 |2 gnd | |
| 650 | 7 | |a Lettisch |0 (DE-588)4114406-5 |0 (DE-603)085342246 |2 gnd | |
| 650 | 7 | |a Sprachpflege |0 (DE-588)4056484-8 |0 (DE-603)085157155 |2 gnd | |
| 650 | 7 | |a Mehrsprachigkeit |0 (DE-588)4038403-2 |0 (DE-603)08510499X |2 gnd | |
| 655 | 7 | |a Konferenzschrift |y 2021 |z Greifswald |2 gnd-content |0 (DE-588)1071861417 |0 (DE-603)359646190 | |
| 700 | 1 | |a Kessler, Stephan |d 1966- |e Herausgeber |4 edt |0 (DE-603)277252822 |0 (DE-588)173256678 |2 gnd | |
| 856 | 4 | 2 | |m B:DE-101 |q application/pdf |u https://d-nb.info/1345419333/04 |3 Inhaltsverzeichnis |
| 924 | 0 | |9 2080 |a (DE-603)1324453958 |b DE-2080 |c HES |d d |g / | |


